Book of English idioms (Record no. 23500)

MARC details
000 -LEADER
fixed length control field 00279nam a2200121Ia 4500
082 ## - DEWEY DECIMAL CLASSIFICATION NUMBER
Classification number 802
Item number COL
100 ## - MAIN ENTRY--AUTHOR NAME
Personal name Collins, V H
245 #0 - TITLE STATEMENT
Title Book of English idioms
250 ## - EDITION STATEMENT
Edition statement Ed.3
260 ## - PUBLICATION, DISTRIBUTION, ETC. (IMPRINT)
Place of publication London
Name of publisher Longman
Year of publication 1958
942 ## - ADDED ENTRY ELEMENTS (KOHA)
Koha item type Books
Holdings
Withdrawn status Lost status Damaged status Not for loan Collection code Home library Current library Date acquired Cost, normal purchase price Full call number Accession Number Koha item type
        Chairman's office RRII Library RRII Library 16/12/2021 0.45 802 COL 04198 Books